| 000 | 01234nam a2200217Ia 4500 | ||
|---|---|---|---|
| 999 |
_c51027 _d51027 |
||
| 001 | 17984 | ||
| 003 | GE_BSU | ||
| 005 | 20190501121127.0 | ||
| 008 | 181216s1980||||ge |||||||||||||| ||geo|| | ||
| 040 | _cGE_BSU | ||
| 041 | _ageo | ||
| 080 | _a624.012.4(072) კ-44 | ||
| 100 |
_aკვაჭაძე, დ. _9516 |
||
| 245 |
_aხიდის ბურჯებისა და საყრდენი კედლების ფუძე-საძირკვლების დაპროექტება და გაანგარიშება. / _cდ. კვაჭაძე, ლ. შენგელია ; რედ. ე.გიორგაძე. |
||
| 264 |
_aთბილისი : _bსპი ; _c1980. |
||
| 300 |
_a95 გვ. : _bცხრილები, ნახაზები ; _c20 სმ. |
||
| 653 | _aხიდის ბურჯებისა და საყრდენი კედლების ფუძე-საძირკვლების დაპროექტება და გაანგარიშება | ||
| 700 |
_aშენგელია, ლ. _eავტორი _9580 |
||
| 700 |
_aგიორგაძე, ე. _eრედაქტორი _9398 |
||
| 942 |
_cBK _2udc |
||